Cities on the move : (Record no. 543372)

000 -LEADER
fixed length control field 00684cam a22002054a 4500
020 ## - INTERNATIONAL STANDARD BOOK NUMBER
International Standard Book Number 0821351486
082 00 - DEWEY DECIMAL CLASSIFICATION NUMBER
Classification number 388.4
Author Mark CIT
-- N-01, P-100
110 2# - MAIN ENTRY--CORPORATE NAME
Corporate name or jurisdiction name as entry element World Bank.
9 (RLIN) 4999
245 10 - TITLE STATEMENT
Title Cities on the move :
Remainder of title a World Bank urban transport strategy review.
260 ## - PUBLICATION, DISTRIBUTION, ETC.
Place of publication, distribution, etc. Washington, DC :
Name of publisher, distributor, etc. World Bank,
Date of publication, distribution, etc. 2002.
300 ## - PHYSICAL DESCRIPTION
Extent xxi, 206 p. :
Other physical details ill. ;
Dimensions 28 cm.
500 ## - GENERAL NOTE
General note "The author of the report is Ken Gwilliam"--P. vii.
526 ## - STUDY PROGRAM INFORMATION NOTE
Program name 0
Interest level 0
Reading level 0
Title point value 388_400000000000000_CIT
650 #0 - SUBJECT ADDED ENTRY--TOPICAL TERM
Topical term or geographic name entry element NUST
9 (RLIN) 6342
650 #0 - SUBJECT ADDED ENTRY--TOPICAL TERM
Topical term or geographic name entry element Urban transportation.
650 #0 - SUBJECT ADDED ENTRY--TOPICAL TERM
Topical term or geographic name entry element Urbanization.
700 1# - ADDED ENTRY--PERSONAL NAME
Personal name Gwilliam, K. M.
9 (RLIN) 38728
856 41 - ELECTRONIC LOCATION AND ACCESS
Uniform Resource Identifier <a href="http://www.loc.gov/catdir/toc/fy034/2002025882.html">http://www.loc.gov/catdir/toc/fy034/2002025882.html</a>
942 ## - ADDED ENTRY ELEMENTS (KOHA)
Source of classification or shelving scheme
Koha item type Book
Holdings
Withdrawn status Lost status Source of classification or shelving scheme Damaged status Not for loan Permanent Location Current Location Date acquired Total Checkouts Full call number Barcode Date last seen Price effective from Koha item type
          Military College of Engineering (MCE) Military College of Engineering (MCE) 03/21/2014   388.4 CIT MCE-36661 03/21/2014 03/21/2014 Book
© 2023 Central Library, National University of Sciences and Technology. All Rights Reserved.